000 00519nam a2200181 i 4500
001 67675
003 ES-MaACL
005 20230906170128.0
007 t|
008 040609s2003 sp |||| | spa d
020 _a84-921384-4-0
080 _a821.134.2-14"19"
100 1 _aMarín Ibáñez, Luis Angel.
_976791
245 1 0 _aConcierto de las horas pensativas /
_cLuis Ángel Marín Ibáñez.
260 _aSanta Cruz de La Palma :
_bJ.A.C.E.,
_c[2003]
300 _a125 p. ;
_c22 cm.
852 _aES-MaACL
_jL-27835
999 _c67675
_d67675